00283 a2200097 450000100060000008200120000610000730001824500500009126000340014130000100017592730 a515/CHA aMuhammad Amin Chaudary,Muhammad Sharif Ghaury,Muhammad Khalid Saleem aCalculus and Analytic Geometry Mathematics 12 aLahorebZaman Art Pressc2015 a394p.